00515nam a2200169Ia 450000500170000000800410001702000150005808200130007310000170008624500240010326000430012730000140017050000450018494200060022995200950023599900150033020241111003542.0240331s9999 xx 000 0 und d a0974883905 bJEGa823 aJeganathan,P 0aAt the water's edge aUnited StatesbSouth Focus Pressc2004 a125 p .,  aShort listed for the 2004 Gratian Prize  cL 001040708LaWERCLbWERCLcSSCd2024-03-31l0o 823 JEGp6581r2024-03-31w2024-03-31yL c4995d4995